000
00234 a2200097 4500
001
51335
100
_a
Bobrow L S
245
_a
Fundamentals of Electrical Engineering
260
_a
New York
_b
Holt Saunders
_c
090
_c
32525
_d
32525
942
_a
NUST-CAE
_c
M
_c
25031
999
_c
286408
_d
286408